000 01097nam a22003257a 4500
001 BR0806174
003 BR-BrBNA
005 20230928102729.0
007 ta
008 230509b bl.||||| |||| 00| 0 por d
040 _aBR-BrBNA
_bpor
_cBiblioteca Nacional de Agricultura
041 _a(Por)
072 _aL73; E50
_b4065
090 _ 4065 BR0806174
100 1 _aCampos Júnior, D.A.
110 1 _aUniversidade Federal de Minas Gerais, Belo Horizonte (Brasil). Escola de Veterinária
_0Tese (Doutor em Ciência Animal)
245 1 _aDistribuição espacial dos casos humanos de leishmaniose tegumentar americana na zona urbana de Ilhéus, Bahia, Brasil, 2000-2004
260 3 _aBelo Horizonte, MG (Brasil):
_c2007.
300 _a68 p.
500 _aSummaries (Eng, Por); Bibliography p. 59-63; 6 tables; 21 illus.
650 _aLEISHMANIOSE
650 _aEPIDEMIOLOGIA
650 _aINFECÇÃO CONTAGIOSA
650 _aTRANSMISSÃO DE DOENÇA
650 _aZOONOSE
650 _aSAÚDE PÚBLICA
650 _aBAHIA
909 _a202309
_bLucia
_c55
_dLucia Elande
942 _cBK
999 _c72242
_d72242